[Event "COL-ch sf 2nd"]
[Site "Tunja"]
[Date "2018.04.21"]
[Round "8"]
[White "Sandoval Fuquen, Janneth Katherin"]
[Black "Mercado Zorrilla, Lisha Daniela"]
[Result "1-0"]
[WhiteElo "1646"]
[BlackElo "1483"]
[PlyCount "21"]
[EventDate "2018.04.17"]
[EventType "swiss"]
[EventRounds "10"]
[EventCountry "COL"]
[SourceTitle "CBM 184 Extra"]
[Source "ChessBase"]
[SourceDate "2018.06.28"]
[SourceVersion "1"]
[SourceVersionDate "2018.06.28"]
[SourceQuality "1"]

1. d4 d6 2. Nf3 Nf6 3. Bf4 e6 4. h3 Be7 5. e3 Nc6 6. Bd3 0-0 7. 0-0 Bd7 8. c4 e5 9. dxe5 Nxe5 10. Nxe5 dxe5 11. Bxe5 1-0

[Event "COL-chT (Women)"]
[Site "Ibague"]
[Date "2017.07.21"]
[Round "5.4"]
[White "Sandoval Fuquen, Janneth Katherin"]
[Black "Socarras Campo, Mayerling"]
[Result "1-0"]
[WhiteElo "1644"]
[BlackElo "1574"]
[PlyCount "67"]
[EventDate "2017.07.19"]
[EventType "team-swiss"]
[EventRounds "6"]
[EventCountry "COL"]
[SourceTitle "CBM 179 Extra"]
[Source "ChessBase"]
[SourceDate "2017.08.23"]
[SourceVersion "1"]
[SourceVersionDate "2017.08.23"]
[SourceQuality "1"]
[WhiteTeam "Boyaca (W)"]
[BlackTeam "Guajira (W)"]
[WhiteTeamCountry "COL"]
[BlackTeamCountry "COL"]

1. d4 b6 2. Nf3 Bb7 3. Bf4 Nf6 4. e3 Nc6 5. h3 e6 6. Bd3 Be7 7. 0-0 h6 8. c4 d5 9. b3 0-0 10. Nc3 Bb4 11. Nb5 a6 12. Nxc7 Rc8 13. cxd5 exd5 14. Nxa6 Ba3 15. Qe2 Ra8 16. Nc7 Ra7 17. Nb5 Ra8 18. Nxa3 Rxa3 19. Rfc1 Qa8 20. Bd6 Re8 21. Bxa3 Qxa3 22. Bb5 Re6 23. Bxc6 Bxc6 24. Ne5 Bb7 25. Rc7 Ba6 26. Qc2 Ne8 27. Ra7 Nd6 28. Qc7 Qb2 29. Rc1 Rf6 30. Rc2 Qb1+ 31. Kh2 Nb5 32. Qd8+ Kh7 33. Rxa6 Qxc2 34. Ra8 1-0

[Event "COL-chT (Women)"]
[Site "Ibague"]
[Date "2017.07.21"]
[Round "6.4"]
[White "Sandoval Fuquen, Janneth Katherin"]
[Black "Toro Castaneda, Elizabeth"]
[Result "1-0"]
[WhiteElo "1644"]
[BlackElo "1945"]
[PlyCount "57"]
[EventDate "2017.07.19"]
[EventType "team-swiss"]
[EventRounds "6"]
[EventCountry "COL"]
[SourceTitle "CBM 179 Extra"]
[Source "ChessBase"]
[SourceDate "2017.08.23"]
[SourceVersion "1"]
[SourceVersionDate "2017.08.23"]
[SourceQuality "1"]
[WhiteTeam "Boyaca (W)"]
[BlackTeam "Antioquia (W)"]
[WhiteTeamCountry "COL"]
[BlackTeamCountry "COL"]

1. d4 Nf6 2. c4 g6 3. Nc3 Bg7 4. e4 d6 5. Nf3 0-0 6. Be2 e5 7. 0-0 Nc6 8. d5 Ne7 9. b4 a5 10. Ba3 b6 11. bxa5 Rxa5 12. Bb4 Ra8 13. a4 Ne8 14. a5 bxa5 15. Bxa5 h6 16. Nb5 f5 17. c5 Rxa5 18. Rxa5 c6 19. cxd6 Qxa5 20. dxe7 Rf6 21. d6 Bd7 22. Nxe5 cxb5 23. Nxd7 Rxd6 24. Qb3+ Kh8 25. Qf7 Qa8 26. Bxb5 Nc7 27. e5 Rd2 28. Nf8 Qa5 29. Bc4 1-0

[Event "COL-ch sf (Women)"]
[Site "Palmira"]
[Date "2017.05.16"]
[Round "2"]
[White "Sandoval Fuquen, Janneth Katherin"]
[Black "Medina Ortega, Natalia"]
[Result "1/2-1/2"]
[WhiteElo "1670"]
[BlackElo "1337"]
[PlyCount "37"]
[EventDate "2017.05.15"]
[EventType "swiss"]
[EventRounds "7"]
[EventCountry "COL"]
[SourceTitle "CBM 178 Extra"]
[Source "ChessBase"]
[SourceDate "2017.06.22"]
[SourceVersion "1"]
[SourceVersionDate "2017.06.22"]
[SourceQuality "1"]

1. d4 e6 2. Nf3 Nf6 3. Bf4 g6 4. e3 Bg7 5. Be2 0-0 6. h3 d6 7. 0-0 c5 8. c3 Qb6 9. Qc2 Nc6 10. Nbd2 Re8 11. Bxd6 Nxd4 12. cxd4 Qxd6 13. dxc5 Qc6 14. Nd4 Qc7 15. Nb5 Qc6 16. Nd6 Rd8 17. Bb5 Qc7 18. Rac1 a6 19. Be2 1/2-1/2

[Event "COL pre olympic sf (Women)"]
[Site "Bogota"]
[Date "2016.05.30"]
[Round "9"]
[White "Sandoval Fuquen, Janneth Katherin"]
[Black "Munoz Monroy, Cinthya Carolina"]
[Result "0-1"]
[WhiteElo "1689"]
[BlackElo "1936"]
[PlyCount "58"]
[EventDate "2016.05.25"]
[EventType "swiss"]
[EventRounds "9"]
[EventCountry "COL"]
[SourceTitle "CBM 172 Extra"]
[Source "ChessBase"]
[SourceDate "2016.06.21"]
[SourceVersion "1"]
[SourceVersionDate "2016.06.21"]
[SourceQuality "1"]

1. d4 Nf6 2. Nf3 g6 3. Bf4 Bg7 4. h3 d6 5. e3 0-0 6. Be2 c5 7. c3 Nbd7 8. 0-0 h6 9. a4 b6 10. Na3 Bb7 11. Qb3 Rc8 12. Rfd1 Nd5 13. Bh2 cxd4 14. cxd4 N7f6 15. Rac1 Qd7 16. Nc4 Rb8 17. Rd2 Bc6 18. Ra1 Ne4 19. Rdd1 b5 20. axb5 Rxb5 21. Qa3 Nb4 22. Rac1 Rc8 23. Nfd2 Rg5 24. Bf4 Rxg2+ 25. Kxg2 Nxd2+ 26. Kh2 Nf3+ 27. Bxf3 Bxf3 28. Rg1 Qb5 29. Rg3 Bb7 0-1

[Event "Bogota Region-ch Students (Women)"]
[Site "Bogota"]
[Date "2016.03.12"]
[Round "2.1"]
[White "Sandoval Fuquen, Janneth Katherin"]
[Black "Pachon Gutierrez, Adriana Paola"]
[Result "0-1"]
[WhiteElo "1689"]
[BlackElo "2006"]
[PlyCount "50"]
[EventDate "2016.03.12"]
[EventType "swiss"]
[EventRounds "5"]
[EventCountry "COL"]
[SourceTitle "EXT 2024"]
[Source "ChessBase"]
[SourceDate "2023.10.10"]
[SourceVersion "1"]
[SourceVersionDate "2023.10.10"]
[SourceQuality "1"]

1. d4 e6 2. Nf3 b6 3. Bf4 Bb7 4. e3 f5 5. h3 Nf6 6. c4 Bb4+ 7. Nc3 0-0 8. Be2 d6 9. 0-0 Ne4 10. Qb3 Bxc3 11. bxc3 g5 12. Bh2 g4 13. c5 gxf3 14. Qxe6+ Rf7 15. Bxf3 Qe7 16. Qxe7 Rxe7 17. Bxe4 fxe4 18. cxd6 cxd6 19. Bxd6 Re6 20. Bf4 Bd5 21. Rfb1 a6 22. Rb2 Nd7 23. a3 Rc8 24. Rc1 Rec6 25. c4 Rxc4 0-1

[Event "COL-ch (Women)"]
[Site "Quibdo"]
[Date "2015.11.11"]
[Round "3"]
[White "Sandoval Fuquen, Janneth Katherin"]
[Black "Argote Heredia, Valentina"]
[Result "0-1"]
[WhiteElo "1702"]
[BlackElo "2022"]
[PlyCount "84"]
[EventDate "2015.11.10"]
[EventType "swiss"]
[EventRounds "9"]
[EventCountry "COL"]
[SourceTitle "CBM 169 Extra"]
[Source "ChessBase"]
[SourceDate "2015.12.18"]
[SourceVersion "1"]
[SourceVersionDate "2015.12.18"]
[SourceQuality "1"]

1. d4 Nf6 2. Nf3 g6 3. g3 Bg7 4. Bg2 d6 5. e3 0-0 6. 0-0 Nbd7 7. b3 c5 8. Bb2 Rb8 9. c4 a6 10. Nc3 cxd4 11. Nxd4 Nc5 12. Qd2 Qc7 13. Rac1 e5 14. Nf3 Nfe4 15. Nxe4 Nxe4 16. Qd5 Nf6 17. Qd2 b6 18. Rfd1 Ne4 19. Qe2 Bb7 20. Qc2 f5 21. Nd2 Nf6 22. Nf3 Rbd8 23. Ng5 Bxg2 24. Kxg2 Qc6+ 25. Kg1 Rfe8 26. Qe2 h6 27. Nf3 Ne4 28. Nd2 Ng5 29. Qd3 e4 30. Qc2 Be5 31. Bxe5 dxe5 32. Nb1 f4 33. Rxd8 Rxd8 34. Rd1 Rf8 35. Qc3 fxg3 36. hxg3 Nh3+ 37. Kf1 Nxf2 38. Ke2 Nxd1 39. Kxd1 Qf6 40. Nd2 Rd8 41. Kc2 Qf2 42. g4 Rd3 0-1

[Event "COL-ch blitz (Women)"]
[Site "Quibdo"]
[Date "2015.11.08"]
[Round "7"]
[White "Pachon Gutierrez, Adriana Paola"]
[Black "Sandoval Fuquen, Janneth Katherin"]
[Result "1-0"]
[WhiteElo "2119"]
[BlackElo "1779"]
[PlyCount "45"]
[EventDate "2015.11.08"]
[EventType "swiss (blitz)"]
[EventRounds "18"]
[EventCountry "COL"]
[SourceTitle "CBM 169 Extra"]
[Source "ChessBase"]
[SourceDate "2015.12.18"]
[SourceVersion "1"]
[SourceVersionDate "2015.12.18"]
[SourceQuality "1"]

1. b3 d5 2. Bb2 Bf5 3. e3 Nf6 4. f4 e6 5. Nf3 Be7 6. Be2 h6 7. 0-0 c5 8. h3 0-0 9. d3 Nc6 10. Nbd2 Qc7 11. Ne5 Rad8 12. Qe1 Bh7 13. Qg3 b5 14. Ng4 Nh5 15. Nxh6+ Kh8 16. Bxh5 d4 17. Nxf7+ Kg8 18. Nxd8 Qxd8 19. Ne4 Bh4 20. Qf3 e5 21. Nxc5 Qd6 22. Ne4 exf4 23. Nxd6 1-0

[Event "COL-ch blitz (Women)"]
[Site "Quibdo"]
[Date "2015.11.08"]
[Round "16"]
[White "Sandoval Fuquen, Janneth Katherin"]
[Black "Argote Heredia, Valentina"]
[Result "0-1"]
[WhiteElo "1779"]
[BlackElo "1853"]
[PlyCount "68"]
[EventDate "2015.11.08"]
[EventType "swiss (blitz)"]
[EventRounds "18"]
[EventCountry "COL"]
[SourceTitle "CBM 169 Extra"]
[Source "ChessBase"]
[SourceDate "2015.12.18"]
[SourceVersion "1"]
[SourceVersionDate "2015.12.18"]
[SourceQuality "1"]

1. d4 Nf6 2. Nf3 e6 3. Bf4 b6 4. e3 Bb7 5. h3 d5 6. Bh2 Nbd7 7. Bd3 c5 8. c3 c4 9. Bc2 Be7 10. Nbd2 Ne4 11. Nxe4 dxe4 12. Nd2 Nf6 13. Nxc4 0-0 14. 0-0 Rc8 15. Nd2 Bd6 16. Qb1 Bxh2+ 17. Kxh2 Qd5 18. Kg1 Rfd8 19. c4 Qc6 20. b3 b5 21. c5 Qd5 22. Qb2 Qf5 23. Rac1 Bc6 24. Qa3 Rc7 25. Qa5 Rcd7 26. b4 Qg6 27. Qa3 Ne8 28. Qb2 f5 29. Nb3 Bd5 30. Na5 Rc7 31. Bb3 Nf6 32. Bxd5 Nxd5 33. a3 f4 34. Qe2 f3 0-1

[Event "Bogota Univ Blitz op (Women) 9th"]
[Site "Bogota"]
[Date "2015.10.12"]
[Round "2.1"]
[White "Sandoval Fuquen, Janneth Katherin"]
[Black "Rodriguez Rueda, Paula Andrea"]
[Result "0-1"]
[WhiteElo "1782"]
[BlackElo "2238"]
[PlyCount "62"]
[EventDate "2015.10.12"]
[EventType "swiss (blitz)"]
[EventRounds "10"]
[EventCountry "COL"]
[SourceTitle "EXT 2024"]
[Source "ChessBase"]
[SourceDate "2023.10.10"]
[SourceVersion "1"]
[SourceVersionDate "2023.10.10"]
[SourceQuality "1"]

1. d4 Nf6 2. Nf3 e6 3. Bf4 c5 4. c3 Nc6 5. e3 b6 6. h3 Bb7 7. Bd3 cxd4 8. cxd4 Nb4 9. Be2 Rc8 10. Nc3 Ne4 11. Qb3 Nxc3 12. bxc3 Nd5 13. 0-0 Rxc3 14. Qb2 Ba3 15. Qd2 0-0 16. Bh2 Bb4 17. Qb2 Rc8 18. Rac1 Qe7 19. Qb3 Nc3 20. Rc2 Bd5 21. Qb2 Nxe2+ 22. Rxe2 Bc4 23. Rb1 Bxe2 24. Qxe2 Bd6 25. Qa6 Bxh2+ 26. Kxh2 Rc7 27. Ne5 Rfc8 28. Qb5 f6 29. Nd3 Rc3 30. Rb3 Qd6+ 31. Kg1 Rc1+ 0-1

[Event "COL-ch Universities (Women)"]
[Site "Bogota"]
[Date "2015.10.06"]
[Round "3"]
[White "Santos Morales, Natalia Andrea"]
[Black "Sandoval Fuquen, Janneth Katherin"]
[Result "1-0"]
[WhiteElo "2031"]
[BlackElo "1702"]
[PlyCount "37"]
[EventDate "2015.10.05"]
[EventType "swiss"]
[EventRounds "6"]
[EventCountry "COL"]
[SourceTitle "CBM 168 Extra"]
[Source "ChessBase"]
[SourceDate "2015.10.29"]
[SourceVersion "1"]
[SourceVersionDate "2015.10.29"]
[SourceQuality "1"]

1. e4 d5 2. exd5 Qxd5 3. Nc3 Qd8 4. d3 Nf6 5. h3 b6 6. Be2 Bb7 7. Bf3 Nc6 8. Bf4 e6 9. Qd2 Bd6 10. 0-0-0 Bxf4 11. Qxf4 Qd6 12. Qg5 Rg8 13. Kb1 0-0-0 14. Nb5 Qb4 15. Bxc6 h6 16. Bxb7+ Kxb7 17. Qe5 Nd5 18. Nc3 f6 19. Nxd5 1-0

[Event "COL-ch Universities (Women)"]
[Site "Bogota"]
[Date "2015.10.05"]
[Round "1"]
[White "Chirivi Castiblanco, Angie Lizeth"]
[Black "Sandoval Fuquen, Janneth Katherin"]
[Result "1-0"]
[WhiteElo "2051"]
[BlackElo "1702"]
[PlyCount "109"]
[EventDate "2015.10.05"]
[EventType "swiss"]
[EventRounds "6"]
[EventCountry "COL"]
[SourceTitle "CBM 168 Extra"]
[Source "ChessBase"]
[SourceDate "2015.10.29"]
[SourceVersion "1"]
[SourceVersionDate "2015.10.29"]
[SourceQuality "1"]

1. e4 d5 2. exd5 Qxd5 3. Nc3 Qd8 4. d3 Nf6 5. g3 Bf5 6. Bg2 c6 7. Nf3 e6 8. 0-0 Be7 9. Bd2 0-0 10. Ne2 Nbd7 11. Bc3 Qc7 12. Qd2 Rac8 13. Rad1 Bg4 14. h3 Bxf3 15. Bxf3 Nd5 16. Bg2 Nxc3 17. Nxc3 Nf6 18. Kh2 h6 19. Qe2 Nd5 20. Ne4 Rcd8 21. c3 Nf6 22. Nd2 Bd6 23. Nc4 Be7 24. f4 Nd7 25. f5 Bd6 26. Nxd6 Qxd6 27. fxe6 Qxe6 28. Qxe6 fxe6 29. d4 Nf6 30. Rfe1 Rde8 31. Re2 Re7 32. Rde1 Rfe8 33. Kg1 Nh5 34. Re3 Kf7 35. Bf1 Nf6 36. Kg2 Nd5 37. Re5 g5 38. Bc4 Kf6 39. a3 Nb6 40. Be2 Nd7 41. Re4 e5 42. Bh5 Rf8 43. c4 Rd8 44. b3 Rf8 45. R4e2 Rd8 46. Bg4 Rde8 47. d5 cxd5 48. cxd5 Nb6 49. d6 Rh7 50. Rf1+ Kg7 51. d7 Rd8 52. Rxe5 Nxd7 53. Re7+ Kh8 54. Rxh7+ Kxh7 55. Rf7+ 1-0

[Event "COL-ch sf (Women)"]
[Site "Medellin"]
[Date "2014.??.??"]
[Round "6"]
[White "Rodriguez Zarama, Sandra Lizeth"]
[Black "Sandoval Fuquen, Janneth Katherin"]
[Result "1/2-1/2"]
[WhiteElo "1740"]
[BlackElo "1519"]
[PlyCount "55"]
[EventDate "2014.04.15"]
[EventType "swiss"]
[EventRounds "9"]
[EventCountry "COL"]
[SourceTitle "CBM 160 Extra"]
[Source "ChessBase"]
[SourceDate "2014.07.01"]
[SourceVersion "1"]
[SourceVersionDate "2014.07.01"]
[SourceQuality "1"]

1. d4 Nf6 2. c4 e6 3. Nc3 d5 4. Bf4 Be7 5. Nf3 0-0 6. e3 b6 7. Bd3 Bb7 8. 0-0 Nbd7 9. Re1 Ne4 10. Qc2 f5 11. Ne5 g5 12. Nxd7 Qxd7 13. Be5 Bf6 14. Bxf6 Nxf6 15. Rac1 Rac8 16. f3 Rf7 17. cxd5 Nxd5 18. Nxd5 Qxd5 19. Bc4 Qd7 20. Qb3 Bd5 21. Bxd5 Qxd5 22. Qxd5 exd5 23. e4 dxe4 24. fxe4 fxe4 25. Rxe4 Rd7 26. Rd1 Kf7 27. Kf2 Rcd8 28. Rde1 1/2-1/2

[Event "Bogota McGregor op 4th"]
[Site "Bogota"]
[Date "2013.12.08"]
[Round "9"]
[White "Sandoval Fuquen, Janneth Katherin"]
[Black "Parra, Diego Alexander"]
[Result "1/2-1/2"]
[WhiteElo "1499"]
[BlackElo "1909"]
[PlyCount "57"]
[EventDate "2013.12.04"]
[EventType "swiss"]
[EventRounds "9"]
[EventCountry "COL"]
[SourceTitle "CBM 157 Extra"]
[Source "ChessBase"]
[SourceDate "2013.12.19"]
[SourceVersion "1"]
[SourceVersionDate "2013.12.19"]
[SourceQuality "1"]

1. d4 Nf6 2. Nf3 e6 3. e3 b6 4. g3 Bb7 5. Bg2 d6 6. c4 Nbd7 7. b3 Ne4 8. Bb2 f5 9. Nc3 g5 10. d5 Bg7 11. dxe6 Nxc3 12. exd7+ Qxd7 13. Qd2 Ne4 14. Qc2 0-0-0 15. Bxg7 Qxg7 16. 0-0 h5 17. Nd4 Qe5 18. Rac1 h4 19. f3 hxg3 20. fxe4 Bxe4 21. Bxe4 fxe4 22. hxg3 Qxg3+ 23. Qg2 Qxe3+ 24. Qf2 Qd3 25. Rcd1 Qc3 26. Rc1 Qh3 27. Qf5+ Kb7 28. Qxh3 Rxh3 29. Rf5 1/2-1/2

[Event "Bogota IRT Categoria B U17 Girls"]
[Site "Bogota"]
[Date "2013.10.22"]
[Round "1.3"]
[White "Salcedo, Jackeline"]
[Black "Sandoval Fuquen, Janneth Katherin"]
[Result "1-0"]
[WhiteElo "1907"]
[BlackElo "1526"]
[PlyCount "59"]
[EventDate "2013.10.22"]
[EventType "swiss"]
[EventRounds "5"]
[EventCountry "COL"]
[SourceTitle "EXT 2024"]
[Source "ChessBase"]
[SourceDate "2023.10.10"]
[SourceVersion "1"]
[SourceVersionDate "2023.10.10"]
[SourceQuality "1"]

1. c4 c5 2. Nf3 e6 3. d4 d5 4. cxd5 Qxd5 5. Nc3 Qd8 6. e3 Nf6 7. Bd3 cxd4 8. exd4 Be7 9. 0-0 0-0 10. Bg5 b6 11. Bxf6 Bxf6 12. Be4 Nd7 13. Bxa8 Ba6 14. Be4 Bxf1 15. Qxf1 g6 16. Rc1 Bg7 17. Qc4 Nf6 18. Ne5 Nxe4 19. Nxe4 Bxe5 20. dxe5 Kg7 21. Nf6 Qd2 22. Qc2 Qg5 23. Rd1 h5 24. h3 Qf4 25. Qe4 Qh6 26. Qf3 Qg5 27. Nd7 Rd8 28. Qf6+ Qxf6 29. exf6+ Kh6 30. Kf1 1-0